000 00879nam a22002537a 4500
999 _c14320
_d14320
003 AR-CdUCM
008 190422b ||||| |||| 00| 0 spa d
020 _a978-958-30-5466-2
040 _aMUNICIPALIDAD PROVINCIAL DEL CUSCO
_cBIBLIOTECA MUNICIPAL DEL CUSCO
041 _hspa
082 _aES / 803.08 /
_bM61
110 _aMinisterio de Cultura de Colombia y otros
_932994
245 _aCanciones, poemas, cuentos y mas /
260 _aBogotá :
_bPanamericana,
_c2017.
300 _a93 páginas ;
_bIlustraciones,
_c28 cm.
440 _aLeer es mi cuento
_932995
505 _aContenido: Canta palabras -- De animales y de niños -- El rey de los topos y sus hijas.
650 _aCuentos Infantiles
_93830
650 _aSiglo XXI
_92856
650 _aLiteratura infantil
_9588
650 _aLibros i lectura
_932996
942 _2ddc
_cLIBROS
945 _acmm
_d2019-04-22